| 000 | 01108nam a22003017i 4500 | ||
|---|---|---|---|
| 999 |
_c23379 _d23379 |
||
| 003 | AR-CdUCM | ||
| 008 | 250901b20192019 pe||||| |||| 00| 0 spa d | ||
| 020 | _a978-612-4392-13-9 | ||
| 040 |
_aMUNICIPALIDAD PROVINCIAL DEL CUSCO _cBIBLIOTECA MUNICIPAL DEL CUSCO |
||
| 041 | _hspa | ||
| 082 |
_a338.10985613 / A66 _bA66 |
||
| 100 |
_aAragón Paredes, Abraham Rosendo _951583 |
||
| 245 |
_aCanchis : _bRevolución Productiva para el Mundo / |
||
| 260 |
_aCusco : _bUniversidad Andina del Cusco _c2019 |
||
| 300 |
_a132 páginas. : _c22x16 cm. |
||
| 500 | _zPáginas 121-132 | ||
| 505 | _aPuntos de inflexión en la economía peruana -- La razón de la dependencia com pais -- El destino de los recursos natuales -- Incidencia de la deuda externa | ||
| 650 |
_aEconomía incaica _951450 |
||
| 650 |
_aDeuda externa _93267 |
||
| 650 |
_aRol del estado _950076 |
||
| 650 |
_aPobreza en Perú _951451 |
||
| 650 |
_aAlpaca Huacaya _951452 |
||
| 650 |
_aTipos de fibra _951453 |
||
| 650 |
_aEmpresas apícolas _951454 |
||
| 856 | _fwww.uandina.edu.pe | ||
| 942 |
_2ddc _cLIBROS |
||
| 945 |
_apbjr _d01-09-2025 |
||